Rationality, Reality and Relevance: (Record no. 180042)

MARC details
000 -LEADER
fixed length control field 00557nam a22001817a 4500
005 - DATE AND TIME OF LATEST TRANSACTION
control field 20210722121800.0
010 ## - LCCN (DPL NO)
LC control number ENG-129612
020 ## - INTERNATIONAL STANDARD BOOK NUMBER
International Standard Book Number 978-81-94846-80-2
Terms of availability 995.00
035 ## - SYSTEM CONTROL NUMBER
System control number EN-113144
037 ## - SOURCE OF ACQUISITION
Source of stock number/acquisition DBAD/PUB
082 ## - DEWEY DECIMAL CLASSIFICATION NUMBER
Classification number 121.3
100 ## - MAIN ENTRY--PERSONAL NAME
Personal name Das, Kumar
245 ## - TITLE STATEMENT
Title Rationality, Reality and Relevance:
Remainder of title /
Statement of responsibility, etc By Kumar Das
260 ## - PUBLICATION, DISTRIBUTION, ETC. (IMPRINT)
Place of publication, distribution, etc New Delhi
Name of publisher, distributor, etc Jawahar Publishers & Distributors
270 ## - ADDRESS
Address 46, Samachar Apartment,
City Mayur Vihar-I, New Delhi
Postal code 110091
300 ## - PHYSICAL DESCRIPTION
Extent 291p.
Dimensions 22cm(pbk)
Other physical details Index
942 ## - ADDED ENTRY ELEMENTS (KOHA)
Source of classification or shelving scheme Dewey Decimal Classification
Item type English Books
Classification part 121.3
Call number suffix DAS
Holdings
Withdrawn status Lost status Not for loan Collection code Home library Current library Date acquired Source of acquisition Cost, normal purchase price Full call number Barcode Copy number Cost, replacement price Koha item type
      Non-fiction Central Library Central Library 22/07/2021 DBAD/PUB 995.00 121.3 DAS EN-113144 1 995.00 English Books

© Delhi Public Library
Hit Counter
free hit counter